| 000 | 00649nam a2200193Ii 4500 | ||
|---|---|---|---|
| 003 | JO-AjNU | ||
| 008 | 230605s9999||||xx |||||||||||||| ||und|| | ||
| 040 |
_aJO-AjNU _bara _erda _cJO-AjNU |
||
| 041 | _aara | ||
| 050 | 1 | 4 | _aPJ7750.A25.Z52 1966 |
| 100 | 3 |
_aتأليف العقاد، عباس محمود, _eauthor _935200 |
|
| 245 | 0 | 0 | _aرجعة أبي العلاء |
| 264 | 3 | 1 | _aدار الهلال،1966 |
| 300 | _a126ص | ||
| 336 |
_atext _btxt _2rdacontent |
||
| 337 |
_aunmediated _bn _2rdamedia |
||
| 338 |
_avolume _bnc _2rdacarrier |
||
| 650 | 4 |
_a ابو العلاء المعرى ، احمد بن عبدالله ابن سليمان _935201 |
|
| 999 |
_aA14508 _c18076 _d18076 |
||